000 00340nam a2200157Ia 4500
003 OSt
008 191201s2013 xx 000 0 und d
082 _a658.4
_bLUO
100 _aLUTHANS, Fred
245 0 _aOrganizational Behavior
250 _aRep
260 _aNew Delhi
_bTMH
_c2013
300 _a574
650 _aBBA
942 _2ddc
_cBK
999 _c5929
_d5929